Loading...

Industrial water pollution

Bibliographic Details
Main Author: Nemerow, N L
Format: Printed Book
Language:Undetermined
English
Published: London Addison Wesley 1978
Subjects:
LEADER 00510nam a2200157Ia 4500
008 140306s9999 xx 000 0 und d
041 |a eng 
082 |a 628.5  |b NEM/IN 
100 |a Nemerow, N L 
245 |a Industrial water pollution 
260 |a London  |b Addison Wesley  |c 1978 
300 |a 738 
650 |a Environment Pollution 
942 |2 ddc  |c BK 
999 |c 117090  |d 117090 
952 |0 0  |1 0  |2 ddc  |4 0  |6 628_500000000000000_NEMIN  |7 0  |9 115898  |a KAUHCV  |b KAUHCV  |d 2004-04-28  |o 628.5 NEM/IN  |p KAU_HCV-9949  |r 2014-03-22  |w 2014-03-22  |y BK